Lục Vân Tiên

Salvato in:
Dettagli Bibliografici
Autore principale: NGUYỄN ĐÌNH CHIỂU
Natura: Libro
Lingua:Undetermined
Pubblicazione: Đà Nẵng Đà Nẵng 2002
Soggetti:
Tags: Aggiungi Tag
Nessun Tag, puoi essere il primo ad aggiungerne! !
Thư viện lưu trữ: Trung tâm Học liệu Trường Đại học Cần Thơ
LEADER 00489nam a2200169Ia 4500
001 CTU_50174
008 210402s9999 xx 000 0 und d
082 |a 895.92212 
082 |b Ch309 
100 |a NGUYỄN ĐÌNH CHIỂU 
245 0 |a Lục Vân Tiên 
245 0 |c NGUYỄN ĐÌNH CHIỂU 
260 |a Đà Nẵng 
260 |b Đà Nẵng 
260 |c 2002 
650 |a vietnamese poetry - 19th century 
980 |a Trung tâm Học liệu Trường Đại học Cần Thơ